header

Managing the brief for better design (Record no. 64563)

MARC details
000 -LEADER
fixed length control field 01317nam a2200337Ia 4500
082 04 - DEWEY DECIMAL CLASSIFICATION NUMBER
Classification number 720/.68/8
100 1# - MAIN ENTRY--AUTHOR NAME
Personal name Blyth, Alastair,
245 10 - TITLE STATEMENT
Title Managing the brief for better design
260 ## - PUBLICATION, DISTRIBUTION, ETC. (IMPRINT)
Place of publication London ;
-- New York :
Name of publisher Spon Press,
Year of publication 2001.
300 ## - PHYSICAL DESCRIPTION
Number of Pages xiv, 220 p. :
Other physical details ill.
650 #0 - SUBJECT ADDED ENTRY--TOPICAL TERM
Topical Term Architectural services marketing.
Topical Term Architectural design
Topical Term Architects and patrons.
700 1# - ADDED ENTRY--PERSONAL NAME
Personal name Worthington, John,
856 40 - ELECTRONIC LOCATION AND ACCESS
Uniform Resource Identifier http://site.ebrary.com/lib/rucke/Doc?id=10053876

No items available.

© 2026 Rongo University
Contact us: librarian | system librarian | Rongo university